000 00761nam a2200193 i 4500
001 104184
003 ES-MaACL
005 20230906183533.0
007 t|
008 051124s1973 sp ||||1| spa d
100 1 _aMichelena, Luis.
_980916
245 1 0 _aHomenaje a la memoria de D. Julio de Urquijo e Ibarra, al cumplirse el centenario de su nacimiento... /
_cLuis Michelena, Jean Haritschelhar, Ignacio de Urquijo. Conde de Ospin de Urquijo.
260 _aBilbao :
_bJunta de Cultura de Vizcaya,
_c1973.
300 _a44 p., 1 lám. ;
_c21 cm.
700 1 _aHaritschelhar, Jean.
_961853
700 1 _aUrquijo, Ignacio de
_c, Conde de Ospin de Urquijo.
_9112206
710 2 _aJunta de Cultura de Vizcaya.
_95386
852 _aES-MaACL
_j2085-F-22
_bR.89241
999 _c104184
_d104184